000 00875cam#a2200301#a 4500
001 58443
003 CO-BoRNBP
005 20250822195018.0
007 ta
008 051121s1998 ck a gr 000 j spakd
020 _a9583003018
040 _aCO-ArBCA
_bspa
_dCO-BoBN
_c-
082 0 4 _aCo863.44
_223
084 _a-
092 _aVerde L925s1
100 1 _aLozano Riveros, Pilar,
_d1951-
245 1 0 _aSocaire y el capitán loco /
_cPilar Lozano ; Ilustraciones de Henry González
250 _a1a. edición
300 _a85 p. :
_bil.
336 _2rdacontent
_atexto
_btxt
337 _2rdamedia
_asin mediación
_bn
338 _2rdacarrier
_avolumen
_bnc
490 0 _aCorcel
650 1 4 _aCuentos colombianos
_ySiglo XX
_2LEMB
_91206
650 1 4 _aCuentos infantiles colombianos
_2LEMB
700 1 _aGonzález Torres, Henry Javier
_eil.
_939042
942 _2ddc
_cBK
999 _c58443
_d58443